书目信息 |
| 题名: |
模拟电子技术基础
|
|
| 作者: | 周淑阁 主编 | |
| 分册: | ||
| 出版信息: | 北京 高等教育出版社 2004.12 |
|
| 页数: | 546页 | |
| 开本: | 23cm | |
| 丛书名: | ||
| 单 册: | ||
| 中图分类: | TN710 | |
| 科图分类: | ||
| 主题词: | 模拟电路--mo ni dian lu--电子技术--高等学校--教材 | |
| 电子资源: | ||
| ISBN: | 7-04-015595-8 | |
| 000 | 01125nam0 2200313 450 | |
| 001 | CAL 012005019986 | |
| 005 | 20050530103709.8 | |
| 010 | @a7-04-015595-8@d47.90CNY | |
| 010 | @a7-89493-671-5 | |
| 099 | @aCAL 012005019986 | |
| 100 | @a20050311d2004 em y0chiy0121 ea | |
| 101 | 0 | @achi |
| 102 | @aCN@b110000 | |
| 105 | @aak a 000yy | |
| 200 | 1 | @a模拟电子技术基础@Amo ni dian zi ji shu ji chu@f周淑阁主编@g周淑阁 ... [等] 编 |
| 210 | @a北京@c高等教育出版社@d2004.12 | |
| 215 | @a546页@c图@d23cm@e光盘1片 | |
| 300 | @a普通高等教育“十五”国家级规划教材 | |
| 312 | @a其它题名取自光盘 | |
| 320 | @a有书目 (第546页) | |
| 330 | @a全书共分三篇。第一篇是电子器件及基本应用;第二篇是基本功能电路;第三篇是模拟集成电路。与本书配套的有“模拟电子技术基础学习指南和习题详解”“CAI教学课件”“OrCAD V10.0 Demo”光盘等。 | |
| 517 | 1 | @aOrCAD V10.0 demo@Aorcad v10.0 demo |
| 606 | 0 | @a模拟电路@Amo ni dian lu@x电子技术@x高等学校@j教材 |
| 690 | @aTN710@v4 | |
| 701 | 0 | @a周淑阁@Azhou shu ge@4主编 |
| 801 | 0 | @aCN@bXJT@c20050311 |
| 905 | @a10447@dTN710@eZ792 | |
| 906 | @dCNY47.90 (含光盘@n0@r1 | |
| 998 | @aXJT | |
| 模拟电子技术基础/周淑阁主编/周淑阁 ... [等] 编.-北京:高等教育出版社,2004.12 |
| 546页:图;23cm+光盘1片 |
| 普通高等教育“十五”国家级规划教材 |
| ISBN 7-04-015595-8:47.90CNY |
| 全书共分三篇。第一篇是电子器件及基本应用;第二篇是基本功能电路;第三篇是模拟集成电路。与本书配套的有“模拟电子技术基础学习指南和习题详解”“CAI教学课件”“OrCAD V10.0 Demo”光盘等。 |
| ● |
| 相关链接 |
|
|
|
正题名:模拟电子技术基础
索取号:TN710/Z792
 
预约/预借
| 序号 | 登录号 | 条形码 | 馆藏地/架位号 | 状态 | 备注 |
| 1 | 550395 | 205503953 | 自科库301/301自科库 23排2列3层/ [索取号:TN710/Z792] | 在馆 | |
| 2 | 550396 | 205503962 | 自科库301/301自科库 30排4列3层/ [索取号:TN710/Z792] | 在馆 | |
| 3 | 550397 | 205503971 | 自科库301/301自科库 30排4列3层/ [索取号:TN710/Z792] | 在馆 |